000 00480nam a22001817a 4500
005 20251108171954.0
008 250721s9999 xx 000 0 ara d
082 1 4 _a956.09/أمي
100 1 _aسعيد، أمين
245 1 0 _aالوطن العربي /
264 1 _aالقاهرة :
_bدار الهلال،
300 _a197ص
650 1 7 _aالبلاد العربية
650 1 7 _aتاريخ
650 1 7 _aلعصر الحديث
942 _2ddc
_cBK
999 _c67260
_d67260